ბათუმის შოთა რუსთაველის სახელმწიფო უნივერსიტეტის ბიბლიოთეკა

ფსიაქიატრიის სამკურნალო ცნობარი / (ბიბ.ჩანაწერი № 62940)

000 -ლიდერი
ფიქსირებული სიგრძის საკონტროლო ველი 00529nam a22001337a 4500
003 - საკონტროლო ნომრის იდენტიფიკატორი
საკონტროლო ველი Ge_BSU
005 - ბოლო ოპერაციის თარიღი და დრო
საკონტროლო ველი 20250326174959.0
008 - ფიქსირებული სიგრძის მონაცემთა ელემენტები - ზოგადი ინფორმაცია
ფიქსირებული სიგრძის საკონტროლო ველი 250326s1970 ge ||||| |||| 00| 0 geo d
041 ## - ენის კოდი
Language code of text/sound track or separate title geo
080 ## - უნივერსალური ათობითი კლასიფიკაციის ინდექსი
Universal Decimal Classification number 616.89(035) ბ-39
245 ## - ცნობა სათაურის შესახებ
Title ფსიაქიატრიის სამკურნალო ცნობარი /
Statement of responsibility, etc [წინასიტყვ. ა. ზურაბაშვილისა].
700 ## - ADDED ENTRY--PERSONAL NAME
Personal name ნანეიშვილი, ბიძინა
Relator term ავტორი
9 (RLIN) 24687
942 ## - ADDED ENTRY ELEMENTS (KOHA)
Source of classification or shelving scheme
Koha item type წიგნი

არაა ხელმისაწვდომი ეგზემპლარები.